Breves apuntes sobre una cuestión trascendental (Record no. 77131)

MARC details
000 -LEADER
campo de control de longitud fija 00535nam a2200145 i 4500
001 - NÚMERO DE CONTROL
campo de control 77131
003 - IDENTIFICADOR DE NÚMERO DE CONTROL
campo de control ES-MaACL
005 - FECHA Y HORA DE LA ÚLTIMA TRANSACCIÓN
campo de control 20230906173107.0
007 - CAMPO FIJO DE DESCRIPCIÓN FÍSICA--INFORMACIÓN GENERAL
campo de control de longitud fija t|
008 - DATOS DE LONGITUD FIJA--INFORMACIÓN GENERAL
campo de control de longitud fija 041006s1917 mx ||||1| spa d
100 1# - ENTRADA PRINCIPAL--NOMBRE DE PERSONA
Nombre de persona Guzmán y Raz Guzmán, Jesús.
9 (RLIN) 61324
245 10 - MENCIÓN DEL TÍTULO
Título Breves apuntes sobre una cuestión trascendental
Resto del título : ¿cuáles son los medios más apropiados y prácticos para mejorar al empleado de comercio en nuestro país? /
Mención de responsabilidad, etc. Jesús Guzmán y Raz Guzmán.
260 ## - PUBLICACIÓN, DISTRIBUCIÓN, ETC.
Lugar de publicación, distribución, etc. Mexico :
Nombre del editor, distribuidor, etc. [s.n.,
Fecha de publicación, distribución, etc. 1917]
852 ## - LOCALIZACIÓN
Ubicación ES-MaACL
Número de control de estantería 1561-F-16
Holdings
Estatus retirado Estado de pérdida Estado de daño No para préstamo Colección Biblioteca de origen Biblioteca actual Ubicación en estantería Fecha de adquisición Fuente de adquisición Total de préstamos Signatura topográfica completa Código de barras Visto por última vez Precio de reemplazo Tipo de ítem Koha
        Colección de folletos Biblioteca del Ateneo de Madrid Biblioteca del Ateneo de Madrid Depósito folletos 17/01/2008     1561-F-16 1080704 23/02/2023 23/02/2023 Folleto